| 000 | 00660cam a2200145 4500500 | ||
|---|---|---|---|
| 005 | 20251228052420.0 | ||
| 041 | _afre | ||
| 042 | _adc | ||
| 100 | 1 | 0 |
_aGascon, Alain _eauthor |
| 245 | 0 | 0 | _aFONTRIER, Marc. — Abou-Bakr Ibrahim. Pacha de Zeyla. Marchand d’esclaves, commerce et diplomatie dans le golfe de Tadjoura 1840-1885. Paris, L’Harmattan-Aresae, Bibliothèque Peiresc 15, 2003, 275 p. |
| 260 | _c2005. | ||
| 500 | _a60 | ||
| 786 | 0 | _nCahiers d'études africaines | 179-180 | 3 | 2005-10-01 | p. 1179d-1208d | 0008-0055 | |
| 856 | 4 | 1 | _uhttps://shs.cairn.info/revue-cahiers-d-etudes-africaines-2005-3-page-1179d?lang=fr&redirect-ssocas=7080 |
| 999 |
_c1583511 _d1583511 |
||